| 000 | 00580cam a2200205 4500 | ||
|---|---|---|---|
| 001 | 3144967 | ||
| 005 | 20180109090849.0 | ||
| 008 | 730320s1973 nyua 001 0 eng | ||
| 010 | _a 73156686 | ||
| 020 | _a0874880122 | ||
| 040 |
_aDLC _cDLC _dDLC |
||
| 041 | _aeng | ||
| 080 | _a617.5 | ||
| 082 | 0 | 0 | _a617.54 BAL |
| 100 | 1 | _a6 | |
| 101 | _aANA | ||
| 245 | 1 | 0 |
_aChest diseases: case studies; _cby Oscar J. Balchum and Ralph C. Jung. |
| 906 |
_a7 _bcbc _corignew _d2 _encip _f19 _gy-gencatlg |
||
| 942 |
_2ddc _cBK |
||
| 999 |
_c39968 _d39968 |
||